| 000 | 00400 a2200133 4500 | ||
|---|---|---|---|
| 001 | 91651 | ||
| 082 | _aPR 1619 | ||
| 090 |
_c43811 _d43810 |
||
| 100 | _aUmair Khalil, M; Prof Iftikhar and Sohail Qureshi, Advisors | ||
| 245 |
_aDesign and Hardware Implementation of Self Correcting Coder and Decoder _n51 "B" EC |
||
| 260 |
_aRawalpindi _bNUST _c1999 |
||
| 300 | _a86p | ||
| 500 | _aBE Project Reports | ||
| 942 |
_aCAE NUST _kPR 1619 |
||
| 999 |
_c326724 _d326724 |
||